000 00475nam a2200193Ia 4500
003 OSt
005 20140311163114.0
008 140130s9999 xx 000 0 und d
050 _aPZ 7
_b.R33Cur 1952
100 _aRey, H.A.
_926692
245 _aCurios George rides a bike /
_cH.A. Rey.
260 _bScholastic,
_c1952.
_aNew York :
300 _a45 p. :
_bill. ;
_c23 cm.
440 _v1
_931174
521 _aG3
526 _c580
942 _cBK
_2lcc
999 _c40698
_d40698